Pokémon - Champions d'Arène - Flo (N2/B2) - Statistiques

Statistiques générales
  • Ce quiz a été pris 25 fois
  • Le résultat moyen est 69 sur 96
Statistiques - réponses
Hint Réponse % Correct
Bouldeneu
100%
Bouldeneu
100%
Type Combat
100%
Type Plante
100%
Type Plante
100%
Type Plante
100%
Type Plante
100%
Type Plante
100%
Type Plante
100%
Type Plante
100%
Type Plante
100%
Type Plante
100%
Type Plante
100%
Type Plante
100%
Type Plante
100%
Type Poison
100%
Type Poison
100%
Roserade
100%
Roserade
100%
Capacités Séisme
100%
Capacités Séisme
100%
Capacités Séisme
100%
Capacités Séisme
100%
Type Sol
100%
Type Sol
100%
Torterra
100%
Torterra
100%
Tropius
100%
Type Vol
100%
Capacités Bomb-Beurk
90%
Capacités Bomb-Beurk
90%
Chapignon
90%
Talent Engrais
90%
Talent Engrais
90%
Capacités Giga-Sangsue
90%
Capacités Lame d'Air
90%
Capacités Lame-Feuille
90%
Capacités Lame-Feuille
90%
Capacités Lance-Soleil
90%
Capacités Mégafouet
90%
Capacités Mégafouet
90%
Phyllali
90%
Phyllali
90%
Capacités Plaie-Croix
90%
Capacités Plaie-Croix
90%
Capacités Ball'Ombre
80%
Capacités Ball'Ombre
80%
Ceriflor
80%
Capacités Exploforce
80%
Capacités Exploforce
80%
Capacités Lame de Roc
80%
Capacités Lame de Roc
80%
Capacités Mach Punch
80%
Capacités Martobois
80%
Capacités Martobois
80%
Capacités Zénith
80%
Capacités Zénith
80%
Capacités Zénith
80%
Capacités Colère
70%
Capacités Colère
70%
Capacités Malédiction
70%
Capacités Pouvoir Antique
60%
Capacités Vampigraine
60%
Capacités Vampipoing
60%
Capacités Vive-Attaque
60%
Capacités Vive-Attaque
60%
Vortente
60%
Capacités Ball'Météo
50%
Capacités Ball'Météo
50%
Objet Ceinture Force
50%
Capacités Danse-Lames
50%
Capacités Danse-Lames
50%
Capacités Danse-Lames
50%
Capacités Mâchouille
50%
Capacités Spore
50%
Objet Bandeau Choix
40%
Talent Don Floral
40%
Talent Lévitation
40%
Capacités Synthèse
40%
Capacités Synthèse
40%
Objet Baie Lichii
30%
Objet Baie Sailak
30%
Objet Baie Sailak
30%
Capacités Clonage
30%
Capacités Danse-Fleur
30%
Capacités Danse-Fleur
30%
Talent Feuille Garde
30%
Talent Feuille Garde
30%
Objet Joyau Plante
30%
Objet Mouchoir Choix
20%
Capacités Piqûre
20%
Objet Baie Chocco
10%
Objet Baie Nanone
10%
Objet Baie Nanone
10%
Objet Baie Prine
10%
Objet Roche Chaude
10%
Aucun quiz correspondant
Distribution des résultats
% des personnes avec chaque résultat
Percentile par nombre de réponses
Votre historique - résultats
Vous n’avez pas pris ce quiz